Código de trabajo anotado / (Record no. 3705)
[ view plain ]
| 000 -CABECERA | |
|---|---|
| campo de control de longitud fija | 00888nam a2200229 a 4500 |
| 001 - NÚMERO DE CONTROL | |
| campo de control | 000003883 |
| 005 - FECHA Y HORA DE LA ÚLTIMA TRANSACCIÓN | |
| campo de control | 20230331073625.0 |
| 008 - DATOS DE LONGITUD FIJA--INFORMACIÓN GENERAL | |
| campo de control de longitud fija | 090714s2002 dr 001 0 spa d |
| 040 ## - FUENTE DE LA CATALOGACIÓN | |
| Centro catalogador/agencia de origen | DO-SdBNP |
| Lengua de catalogación | spa |
| Centro/agencia transcriptor | BNPHU |
| 082 ## - NÚMERO DE LA CLASIFICACIÓN DECIMAL DEWEY | |
| Número de clasificación | 344.729301 |
| Número de documento/Ítem | H557c |
| 100 ## - ENTRADA PRINCIPAL--NOMBRE DE PERSONA | |
| Nombre de persona | Hernández Rueda, Lupo, |
| Fechas asociadas al nombre | 1930-2017 |
| 9 (RLIN) | 23790 |
| 245 10 - MENCIÓN DE TÍTULO | |
| Título | Código de trabajo anotado / |
| Mención de responsabilidad, etc. | Lupo Hernández Rueda ; edición Juan Jacob Mejía. |
| 260 ## - PUBLICACIÓN, DISTRIBUCIÓN, ETC. | |
| Lugar de publicación, distribución, etc. | Santo Domingo : |
| Nombre del editor, distribuidor, etc. | Instituto de Estudios del Trabajo, |
| Fecha de publicación, distribución, etc. | 2002. |
| 300 ## - DESCRIPCIÓN FÍSICA | |
| Especificación de materiales | 82 v. ; |
| Dimensiones | 28 cm. |
| 500 ## - NOTA GENERAL | |
| Nota general | Incluye índice por materia |
| 505 0# - NOTA DE CONTENIDO CON FORMATO | |
| Información miscelánea | v. 1. - |
| Título | Artículos del 1 al 316 -- |
| Información miscelánea | v. 2. - |
| Título | Artículos del 317 al 738. |
| 590 ## - NOTA LOCAL (RLIN) | |
| Nota local | Inventariado, 2018/VM |
| 650 #4 - PUNTO DE ACCESO ADICIONAL DE MATERIA--TÉRMINO DE MATERIA | |
| Término de materia o nombre geográfico como elemento de entrada | Derecho laboral |
| Subdivisión geográfica | República Dominicana |
| 9 (RLIN) | 7337 |
| 650 #4 - PUNTO DE ACCESO ADICIONAL DE MATERIA--TÉRMINO DE MATERIA | |
| Término de materia o nombre geográfico como elemento de entrada | Legislación laboral |
| Subdivisión geográfica | República Dominicana |
| 9 (RLIN) | 11733 |
| 700 12 - PUNTO DE ACCESO ADICIONAL--NOMBRE DE PERSONA | |
| Nombre de persona | Mejía, Juan Jacob, |
| Término indicativo de función/relación | ed. |
| 9 (RLIN) | 11734 |
| 910 ## - DATOS DE OPCIÓN DEL USUARIO (OCLC) | |
| Datos de opción del usuario | Validado. Control de calidad. MFF |
| Estado de retiro | Estado de pérdida | Restricciones de uso | No para préstamo | Código de colección | Localización permanente | Ubicación/localización actual | Ubicación en estantería | Fecha de adquisición | Número de inventario | Total de préstamos | Signatura topográfica completa | Código de barras | Fecha visto por última vez | Precio válido a partir de | Tipo de ítem Koha |
|---|---|---|---|---|---|---|---|---|---|---|---|---|---|---|---|
| Patrimonio Dominicano | General | General | Depósito | 26.08.2009 | LF1 | v. 1, e. 3 | 3883-30 | 25.06.2020 | 25.06.2020 | Libro y Folleto Colección Patrimonio Dominicano | |||||
| Patrimonio Dominicano | General | General | Depósito | 26.08.2009 | LF1 | v. 1, e. 4 | 3883-40 | 25.06.2020 | 25.06.2020 | Libro y Folleto Colección Patrimonio Dominicano | |||||
| Patrimonio Dominicano | General | General | Depósito | 11.03.2010 | LF1 | v. 2, e. 3 | 3883-70 | 25.06.2020 | 25.06.2020 | Libro y Folleto Colección Patrimonio Dominicano | |||||
| Patrimonio Dominicano | General | General | Depósito | 11.03.2010 | LF1 | v. 2, e. 4 | 3883-80 | 25.06.2020 | 25.06.2020 | Libro y Folleto Colección Patrimonio Dominicano | |||||
| Excluido de préstamo | Patrimonio Dominicano | Patrimonio Dominicano | Patrimonio Dominicano | Depósito | 14.07.2009 | LF1 | v. 1 | 3883-10 | 25.06.2020 | 25.06.2020 | Libro y Folleto Colección Patrimonio Dominicano | ||||
| Excluido de préstamo | Patrimonio Dominicano | Patrimonio Dominicano | Patrimonio Dominicano | Depósito | 26.08.2009 | LF1 | v. 1, e. 2 | 3883-20 | 25.06.2020 | 25.06.2020 | Libro y Folleto Colección Patrimonio Dominicano | ||||
| Excluido de préstamo | Patrimonio Dominicano | Patrimonio Dominicano | Patrimonio Dominicano | Depósito | 26.08.2009 | LF1 | v. 2 | 3883-50 | 25.06.2020 | 25.06.2020 | Libro y Folleto Colección Patrimonio Dominicano | ||||
| Excluido de préstamo | Patrimonio Dominicano | Patrimonio Dominicano | Patrimonio Dominicano | Depósito | 26.08.2009 | LF1 | v. 2, e. 2 | 3883-60 | 25.06.2020 | 25.06.2020 | Libro y Folleto Colección Patrimonio Dominicano |
